Textbook of Mental Health and Psychiatric Nursing (Record no. 144119)
[ view plain ]
| 000 -LEADER | |
|---|---|
| fixed length control field | 00438nam a2200145Ia 4500 |
| 008 - FIXED-LENGTH DATA ELEMENTS--GENERAL INFORMATION | |
| fixed length control field | 230314s9999 xx 000 0 und d |
| 020 ## - INTERNATIONAL STANDARD BOOK NUMBER | |
| International Standard Book Number | 978-81-947276-1-3 |
| 041 ## - LANGUAGE CODE | |
| Language code of text/sound track or separate title | eng |
| 082 ## - DEWEY DECIMAL CLASSIFICATION NUMBER | |
| Classification number | PS/610.7368/PAR/DB0968 |
| 100 ## - MAIN ENTRY--PERSONAL NAME | |
| Personal name | Pareek Bharat & Arya Sandeep |
| 9 (RLIN) | 180573 |
| 245 ## - TITLE STATEMENT | |
| Title | Textbook of Mental Health and Psychiatric Nursing |
| 260 ## - PUBLICATION, DISTRIBUTION, ETC. (IMPRINT) | |
| Name of publisher, distributor, etc. | Vision Health Sciences Publishers |
| Place of publication, distribution, etc. | Panjab |
| Date of publication, distribution, etc. | 2020 |
| 300 ## - PHYSICAL DESCRIPTION | |
| Extent | 423p |
| Withdrawn status | Lost status | Damaged status | Not for loan | Collection code | Home library | Current library | Date acquired | Cost, normal purchase price | Bill number | Total Checkouts | Total Renewals | Full call number | Barcode | Checked out | Date last seen | Date last checked out | Bill Date | Koha item type | Original Barcode |
|---|---|---|---|---|---|---|---|---|---|---|---|---|---|---|---|---|---|---|---|
| Smt. Bakul Tambat Institute of Nursing Education | Smt. Bakul Tambat Institute of Nursing Education | 30/11/2022 | 695.00 | 55 | 25 | 26 | PS 610.7365 PAR DB1056 | BTIN-DB-1056 | 08/04/2026 | 25/03/2026 | 25/03/2026 | 16/04/2022 | Donated Book | DB1056 |